|
|
|
|
| LEADER |
02932pam a22005657a 4500 |
| 001 |
AALProQuestebook000026 |
| 003 |
BD-DhAAL |
| 005 |
20230907105943.0 |
| 006 |
m||||||||d|||||||| |
| 007 |
cr|||||||||||| |
| 008 |
220525t20142014cau\\\\\ob\\\\001\0\eng\d |
| 010 |
|
|
|a 2020757115
|
| 020 |
|
|
|a 9780520956957
|
| 020 |
|
|
|z 9780520267206
|
| 020 |
|
|
|z 9780520956957
|
| 035 |
|
|
|a (MiAaPQ)EBC1597002
|
| 035 |
|
|
|a (Au-PeEL)EBL1597002
|
| 035 |
|
|
|a (CaPaEBR)ebr10827375
|
| 035 |
|
|
|a (CaONFJC)MIL564229
|
| 035 |
|
|
|a (OCoLC)868491244
|
| 040 |
|
|
|a MiAaPQ
|b eng
|e rda
|e pn
|c MiAaPQ
|d MiAaPQ
|d BD-DhAAL
|
| 050 |
0 |
0 |
|a HD9210.A2
|
| 082 |
0 |
0 |
|a 382.456645
|2 23
|
| 100 |
1 |
|
|a Nabhan, Gary Paul.
|9 48715
|
| 245 |
1 |
0 |
|a Cumin, camels, and caravans
|h [electronic resource] :
|b a spice odyssey /
|c Gary Paul Nabhan.
|
| 264 |
|
1 |
|a Berkeley :
|b University of California Press,
|c 2014.
|
| 300 |
|
|
|a 1 online resource (333 pages)
|
| 490 |
1 |
|
|a California studies in food and culture ;
|v 45
|
| 500 |
|
|
|a <strong>Off-Campus Access:</strong> Athens ID and Password Required
|
| 500 |
|
|
|a <strong>On-Campus Access:</strong> No User ID or Password Required
|
| 500 |
|
|
|a Access type: Perpetual access for unlimited users
|
| 504 |
|
|
|a Includes bibliographical references (pages 279-292) and index.
|
| 505 |
0 |
|
|a Aromas emanating from the driest of places -- Caravans leaving Arabia Felix -- Uncovering hidden outposts in the desert -- Omanis rocking the cradle of civilization -- Mecca and the migrations of Muslim and Jewish traders -- Going east: merging the spice routes with the Silk Roads -- Selling your wares where the sun goes down -- Building bridges between continents and cultures -- From China to Africa: a steady stream of spice traders -- The beginning of the end: Vasco da Gama and the dubious age of discovery -- The drawbridge across the Eastern ocean.
|
| 506 |
|
|
|a Electronic access restricted to authorized BRAC University faculty, staff and students
|
| 526 |
|
|
|a GenEd
|x Turzo Nicholas Mondal,
Lecturer
|
| 538 |
|
|
|a Mode of access: Internet
|
| 541 |
|
|
|a ProQuest
|h $182.85
|
| 650 |
|
0 |
|a Spice trade.
|9 48716
|
| 650 |
|
0 |
|a Spice trade
|x History.
|9 48717
|
| 650 |
|
0 |
|a Marketing.
|9 48718
|
| 655 |
|
|
|a Electronic books.
|
| 700 |
|
|
|a Shere, Th{acute}er{grave}ese.
|9 48720
|
| 700 |
|
|
|a Mirocha, Paul.
|9 48721
|
| 710 |
|
|
|a ProQuest (Firm)
|9 48722
|
| 830 |
|
0 |
|a California studies in food and culture ;
|v 45.
|9 48723
|
| 852 |
|
|
|a Ayesha Abed Library
|
| 856 |
|
|
|3 Full text available on ProQuest
|u https://ebookcentral.proquest.com/lib/bracu/detail.action?docID=1597002
|
| 942 |
|
|
|2 ddc
|c BK
|
| 999 |
|
|
|c 44247
|d 44247
|
| 952 |
|
|
|0 0
|1 0
|2 ddc
|4 0
|6 382_456645000000000_NAB
|7 0
|9 70711
|a BRACUL
|b BRACUL
|d 2022-05-25
|e ProQuest
|g 16065.23
|l 0
|o 382.456645 NAB
|r 2022-05-25
|t 1
|w 2022-05-25
|y EBK
|x As discussed with Acquisition team, according to invoice date (12.05.2022) of the ebook, converted USD $182.85 to BDT 16065.23
|